[Event "DSJ Weihnachtsturnier U16: Steinitz 2020"]
[Site ""]
[Date "2020.12.28"]
[Round "6"]
[White "Fellberg, Justus"]
[Black "Duong, Quang Bach"]
[Result "1-0"]
[Termination "normal"]
[Board "14.1"]
[WhiteElo "1200"]
[BlackElo "1440"]
[WhiteTeam "SK Wilhelmsburg 1936"]
[BlackTeam "SK Nürnberg 1911"]
[PlyCount "103"]
[WhiteFideId "34608990"]
[BlackFideId "16287045"]
[EventRounds "7"]
[EventType "team-swiss"]
[EventDate "2020.12.28"]

1. e4 {[%emt 0:00:05]} c5 {[%emt 0:00:04]} 2. Nf3 {[%emt 0:00:03]} d6 {[%emt
0:00:01]} 3. d4 {[%emt 0:00:01]} cxd4 {[%emt 0:00:00]} 4. Nxd4 {[%emt 0:00:01]}
Nf6 {[%emt 0:00:00]} 5. f3 {[%emt 0:00:01]} a6 {[%emt 0:00:03]} 6. c4 {[%emt
0:00:02]} e5 {[%emt 0:00:07]} 7. Nc2 {[%emt 0:00:01]} Nc6 {[%emt 0:00:02]} 8.
Nc3 {[%emt 0:00:02]} Be6 {[%emt 0:00:01]} 9. Be3 {[%emt 0:00:02]} Rc8 {[%emt
0:00:06]} 10. Be2 {[%emt 0:00:01]} Be7 {[%emt 0:00:06]} 11. O-O {[%emt
0:00:02]} O-O {[%emt 0:00:00]} 12. b3 {[%emt 0:00:03]} Nd7 {[%emt 0:00:16]} 13.
Nd5 {[%emt 0:00:06]} b5 {[%emt 0:00:24]} 14. Nxe7+ {[%emt 0:00:04]} Qxe7 {[%emt
0:00:02]} 15. cxb5 {[%emt 0:00:00]} axb5 {[%emt 0:00:01]} 16. Bxb5 {[%emt
0:00:02]} Na7 { [%emt 0:00:02]} 17. Bd3 {[%emt 0:00:03]} Nc5 {[%emt 0:00:03]}
18. b4 {[%emt 0:00:04]} Nxd3 {[%emt 0:00:04]} 19. Qxd3 {[%emt 0:00:03]} Bc4
{[%emt 0:00:01]} 20. Qd1 {[%emt 0:00:05]} Bxf1 {[%emt 0:00:01]} 21. Bxa7 {[%emt
0:00:00]} Qxa7+ {[%emt 0:00:02]} 22. Kxf1 {[%emt 0:00:05]} Qb7 {[%emt 0:00:15]}
23. a3 { [%emt 0:00:03]} Qb5+ {[%emt 0:00:02]} 24. Kg1 {[%emt 0:00:02]} Rc6
{[%emt 0:00:01]} 25. Ne3 {[%emt 0:00:07]} Rfc8 {[%emt 0:00:02]} 26. Nd5 {[%emt
0:00:02]} Qb7 {[%emt 0:00:06]} 27. h3 {[%emt 0:00:17]} Kf8 {[%emt 0:00:42]} 28.
Qa4 { [%emt 0:00:06]} Rc2 {[%emt 0:00:07]} 29. Ne3 {[%emt 0:00:14]} Re2 {[%emt
0:00:26]} 30. Nd5 {[%emt 0:00:07]} Rcc2 {[%emt 0:00:12]} 31. g4 {[%emt
0:00:19]} Rg2+ {[%emt 0:00:08]} 32. Kf1 {[%emt 0:00:03]} Rcf2+ {[%emt 0:00:02]}
33. Ke1 { [%emt 0:00:02]} Re2+ {[%emt 0:00:32]} 34. Kf1 {[%emt 0:00:07]} Ref2+
{[%emt 0:00:25]} 35. Ke1 {[%emt 0:00:02]} Rxf3 {[%emt 0:00:14]} 36. Rd1 {[%emt
0:00:29]} Rxh3 {[%emt 0:00:08]} 37. Kf1 {[%emt 0:00:03]} Rxg4 {[%emt 0:00:14]}
38. Qa5 { [%emt 0:00:19]} Rf3+ {[%emt 0:00:07]} 39. Ke2 {[%emt 0:00:03]} f6
{[%emt 0:01:32]} 40. Kxf3 {[%emt 0:00:06]} Qc8 {[%emt 0:00:13]} 41. Ne3 {[%emt
0:00:06]} Rf4+ {[%emt 0:00:03]} 42. Ke2 {[%emt 0:00:11]} Qh3 {[%emt 0:00:34]}
43. Qd8+ { [%emt 0:00:36]} Kf7 {[%emt 0:00:01]} 44. Qc7+ {[%emt 0:00:02]} Kg6
{[%emt 0:00:01]} 45. Rg1+ {[%emt 0:00:16]} Kh5 {[%emt 0:00:15]} 46. Qxg7 {[%emt
0:00:13]} Qf3+ {[%emt 0:00:05]} 47. Kd2 {[%emt 0:00:10]} Qxe4 {[%emt 0:00:24]}
48. Rh1+ { [%emt 0:00:29]} Qxh1 {[%emt 0:00:08]} 49. Qxh7+ {[%emt 0:00:03]} Kg5
{[%emt 0:00:01]} 50. Qxh1 {[%emt 0:00:01]} Rd4+ {[%emt 0:00:01]} 51. Kc3 {[%emt
0:00:02] } Kf4 {[%emt 0:00:02]} 52. Nc2 {[%emt 0:00:07] Nuernberg001 resigns}
1-0